Top Public Colleges & Universities Quiz - Statistics

General Stats
  • This quiz has been taken 256 times
  • The average score is 29 of 50
Answer Stats
# School % Correct
1 UCLA
94%
7 (tie) Florida
88%
3 Michigan
88%
14 (tie) Texas
88%
5 (tie) North Carolina
86%
4 Virginia
86%
16 Georgia
84%
22 (tie) Washington
82%
44 (tie) Oregon
80%
2 UC Berkeley
79%
14 (tie) Illinois
77%
18 (tie) Penn State
76%
13 Wisconsin
74%
17 Ohio State
73%
10 UC San Diego
73%
24 (tie) Massachusetts
71%
11 UC Davis
71%
9 UC Irvine
71%
31 (tie) Indiana
68%
24 (tie) Connecticut
67%
24 (tie) Maryland
66%
7 (tie) UC Santa Barbara
66%
44 (tie) Colorado
65%
27 (tie) Minnesota
65%
34 (tie) Michigan State
62%
5 (tie) Georgia Tech
61%
44 (tie) South Carolina
61%
18 (tie) Florida State
60%
34 (tie) Iowa
60%
30 Virginia Tech
60%
22 (tie) Rutgers
55%
27 (tie) Texas A&M
52%
39 (tie) UC Riverside
49%
34 (tie) UC Santa Cruz
46%
27 (tie) Clemson
44%
39 (tie) Miami - OH
43%
34 (tie) North Carolina State
43%
39 (tie) Delaware
42%
18 (tie) Purdue
41%
18 (tie) Pittsburgh
40%
44 (tie) Auburn
37%
31 (tie) Buffalo
34%
31 (tie) Binghamton
32%
44 (tie) UC Merced
31%
39 (tie) Stony Brook
30%
44 (tie) South Florida
21%
12 William & Mary
18%
44 (tie) Temple
15%
34 (tie) Colorado School of Mines
12%
43 New Jersey Tech
4%
No matching quizzes found
Score Distribution
Percent of People with Each Score
Percentile by Number Answered
Your Score History
You have not taken this quiz